000 00854nam a22002417a 4500
999 _c560
_d560
003 AR-CdUCM
008 190225b ||||| |||| 00| 0 spa d
040 _aMUNICIPALIDAD PROVINCIAL DEL CUSCO
_cBIBLIOTECA MUNICIPAL DEL CUSCO
082 _a985.613 /
_b A48
100 _aAmbía, Abel Adrián
_91452
245 _aAmaru :
_bmito i realidad del hombre /
260 _aLima :
_bEdiciones Pukara,
_c1970.
300 _a86 páginas ;
_c20 cm.
440 _aAntropología
_92176
500 _aIncluye referencias bibliográficas y un glosario de palabras quechua . Dedicatoria por parte del autor a la Dr. Bertha Degrégori.
650 _aComunidad Amaru
_92177
650 _aPerú
_92178
650 _aCostumbres
_9230
650 _aTradiciones
_9229
700 _aSánchez Garrafa, Rodolfo
_92179
942 _2ddc
_cLIBROS
945 _araen
_d2019-02-25